000 00289nam a2200109Ia 4500
008 220204s9999 xx 000 0 und d
082 _a543.544
_bKNA.2;1
245 0 _aDevelopments in chromatography. V 2
260 _aLondon
_bApplied Science
_c1980
700 _aKnapman, C E H
942 _cBK
999 _c36569
_d36569